Quantum chemistry / (Record no. 6649)

MARC details
000 -LEADER
fixed length control field 00701nam a2200241 a 4500
001 - CONTROL NUMBER
control field 1389983
003 - CONTROL NUMBER IDENTIFIER
control field OSt
005 - DATE AND TIME OF LATEST TRANSACTION
control field 20200220114528.0
008 - FIXED-LENGTH DATA ELEMENTS--GENERAL INFORMATION
fixed length control field 821102s1983 caua 001 0 eng
010 ## - LIBRARY OF CONGRESS CONTROL NUMBER
LC control number 82051234
020 ## - INTERNATIONAL STANDARD BOOK NUMBER
International Standard Book Number 093570213X
040 ## - CATALOGING SOURCE
Original cataloging agency DLC
Transcribing agency DLC
Modifying agency DLC
050 00 - LIBRARY OF CONGRESS CALL NUMBER
Classification number QD462
Item number .M4 1983
082 00 - DEWEY DECIMAL CLASSIFICATION NUMBER
Classification number 541.2
Edition number 19
Item number McQ 1983
100 1# - MAIN ENTRY--PERSONAL NAME
Personal name McQuarrie, Donald A.
9 (RLIN) 8290
245 10 - TITLE STATEMENT
Title Quantum chemistry /
Statement of responsibility, etc. Donald A. McQuarrie.
260 ## - PUBLICATION, DISTRIBUTION, ETC. (IMPRINT)
Place of publication, distribution, etc. Mill Valley, Calif. :
Name of publisher, distributor, etc. University Science Books,
Date of publication, distribution, etc. 1983.
300 ## - PHYSICAL DESCRIPTION
Extent x, 517 p. :
Other physical details ill. ;
Dimensions 24 cm.
500 ## - GENERAL NOTE
General note Includes index.
650 #0 - SUBJECT ADDED ENTRY--TOPICAL TERM
Topical term or geographic name as entry element Quantum chemistry.
9 (RLIN) 3790
906 ## - LOCAL DATA ELEMENT F, LDF (RLIN)
a 7
b cbc
c orignew
d 2
e ocip
f 19
g y-gencatlg
942 ## - ADDED ENTRY ELEMENTS (KOHA)
Source of classification or shelving scheme Dewey Decimal Classification
Koha item type Open Shelf
Holdings
Withdrawn status Lost status Source of classification or shelving scheme Damaged status Not for loan Home library Current library Date acquired Source of acquisition Inventory number Total Checkouts Full call number Barcode Date last seen Date last checked out Price effective from Koha item type
    Dewey Decimal Classification     MUST Main Library MUST Main Library 20/02/2020 Purchase 2004/21172 1 541.2 McQ 1983 2020-0520 01/02/2022 19/01/2022 20/02/2020 Open Shelf
    Dewey Decimal Classification     MUST Main Library MUST Main Library 24/02/2020 Purchase 2005/23621   541.2 McQ 1983 2020-0548 24/02/2020   24/02/2020 Open Shelf
    Dewey Decimal Classification     MUST Main Library MUST Main Library 24/06/2024 Purchase 2005/23620   541.2 McQ 1983 2024-21105 24/06/2024   24/06/2024 Open Shelf
    Dewey Decimal Classification     MUST Main Library MUST Main Library 24/06/2024 Purchase 2004/21772   541.2 McQ 1983 2024-21107 24/06/2024   24/06/2024 Open Shelf